Pripravenosť slovenských podnikov na riadenie novej generácie zamestnancov v podmienkach priemyslu 4.0 habilitačná prednáška

Guardado en:
Detalles Bibliográficos
Autor principal: Blštáková, Jana, 1980-
Autor Corporativo: Ekonomická univerzita v Bratislave. Fakulta podnikového manažmentu
Formato: Libro
Lenguaje:eslovaco
Publicado: Bratislava Vydavateľstvo EKONÓM 2018
Edición:1. vydanie
Colección:Habilitačné a inauguračné prednášky
Materias:
Etiquetas: Agregar Etiqueta
Sin Etiquetas, Sea el primero en etiquetar este registro!

MARC

LEADER 00000nam a2200000 4500
001 0250083
005 20240318125800.0
020 |a 978-80-225-4550-1 
041 0 |a slo 
044 |a SK 
245 1 0 |a Pripravenosť slovenských podnikov na riadenie novej generácie zamestnancov v podmienkach priemyslu 4.0  |b habilitačná prednáška 
250 |a 1. vydanie 
264 1 |a Bratislava  |b Vydavateľstvo EKONÓM  |c 2018 
300 |a 60 s. 
490 1 |a Habilitačné a inauguračné prednášky 
830 0 |a Habilitačné a inauguračné prednášky 
610 2 0 |a podnik 
610 2 0 |a zamestnanci 
610 2 0 |a riadenie personálne 
610 2 0 |a priemysel 
100 1 |a Blštáková, Jana, 1980- 
710 2 |a Ekonomická univerzita v Bratislave. Fakulta podnikového manažmentu